| 000 | 00423nam a2200169Ia 4500 | ||
|---|---|---|---|
| 008 | 230524s9999 xx 000 0 und d | ||
| 020 | _a9780070701946 | ||
| 082 |
_a5.72 _bPOW |
||
| 100 | _aThomas A. Powell | ||
| 245 | 4 | _aThe Complete Reference HTML and CSS | |
| 250 | _a1 | ||
| 260 |
_aNew Delhi _bMGH _c2017 |
||
| 300 | _a"xxii,832p;" | ||
| 500 | _aQuantity Number: 10 | ||
| 650 | _aComputer Science | ||
| 942 | _cBK | ||
| 999 |
_c59508 _d59508 |
||